PATTERNS IN PHYSICS (Record no. 583688)

000 -LEADER
fixed length control field 00290nam a22001337a 4500
020 ## - INTERNATIONAL STANDARD BOOK NUMBER
International Standard Book Number 07-984396-6
082 ## - DEWEY DECIMAL CLASSIFICATION NUMBER
Classification number 530 BOL
100 ## - MAIN ENTRY--PERSONAL NAME
Personal name BOLTON, W
9 (RLIN) 716
245 ## - TITLE STATEMENT
Title PATTERNS IN PHYSICS
260 ## - PUBLICATION, DISTRIBUTION, ETC.
Place of publication, distribution, etc. NEWYORK
Name of publisher, distributor, etc. MCGRAW HILL
Date of publication, distribution, etc. 1974
300 ## - PHYSICAL DESCRIPTION
Extent 427P
650 ## - SUBJECT ADDED ENTRY--TOPICAL TERM
Topical term or geographic name entry element PHYSICS
9 (RLIN) 10791
942 ## - ADDED ENTRY ELEMENTS (KOHA)
Koha item type Book
Holdings
Withdrawn status Lost status Damaged status Not for loan Permanent Location Current Location Shelving location Date acquired Total Checkouts Full call number Barcode Date last seen Price effective from Koha item type
        College of Electrical & Mechanical Engineering (CEME) College of Electrical & Mechanical Engineering (CEME) General Stacks 06/19/2017   530 BOL CEME-8112 06/28/2021 06/28/2021 Book
© 2023 Central Library, National University of Sciences and Technology. All Rights Reserved.